| 000 | 00000nas 2200000zi 4500 |
| 001 | 9.931088 |
| 003 | CaOODSP |
| 005 | 20231204133933 |
| 006 | m o d f |
| 007 | cr cn |||||||| |
| 008 | 231201c20259999onchr p o f0### 0fre|d |
| 040 | |aCaOODSP|bfre|erda|cCaOODSP |
| 043 | |an-cn--- |
| 086 | 1 |aCC3-5F-PDF |
| 110 | 2 |aÉnergie atomique du Canada, limitée.|eauteur, |eorganisme de publication. |
| 245 | 10|aPlan d'accessibilité ... |
| 264 | 1|aChalk River (Ontario) : |bÉnergie atomique du Canada, limitée, |c[2022]- |
| 310 | |aTriennal |
| 336 | |atexte|btxt|2rdacontent/fre |
| 337 | |ainformatique|bc|2rdamedia/fre |
| 338 | |aressource en ligne|bcr|2rdacarrier/fre |
| 362 | 1 |aParaît depuis : 2023/2025. |
| 500 | |aPublié aussi en anglais sous le titre : ... accessibility plan. |
| 588 | |aDescription d'après : 2023/2025; titre de la page couverture du fichier PDF. |
| 588 | |aDernière livraison consultée : 2023/2025. |
| 610 | 26|aÉnergie atomique du Canada, limitée|xPlanification|vPériodiques. |
| 650 | 6|aAccessibilité aux personnes handicapées|zCanada|xPlanification|vPériodiques. |
| 650 | 6|aPersonnes handicapées|xPolitique gouvernementale|zCanada|vPériodiques. |
| 655 | 7|aPériodiques|2rvmgf |
| 775 | 08|t... accessibility plan.|w(CaOODSP)9.931089 |
| 856 | 40|qHTML|ss.o.|uhttps://www.aecl.ca/fr/accessibilite/ |